Obras clásicas para la historia de Filipinas (Registro nro. 30736)

Detalles MARC
000 -ENCABEZADO
Número de control [NR] 01066nam a2200205Ia 4500
008 - DE LONGITUD FIJA DE DATOS DE ELEMENTOS - INFORMACIÓN GENERAL
Elementos de longitud fija [NR] 130821s1998 sp gs spa
040 ## - FUENTE DE CATALOGACION [NR]
Agencia de catalogación original [NR] Co-BoUCM
Idioma de catalogación [NR] spa
041 00 - CODIGO DE IDIOMA [R]
Código de idioma para texto/pista de sonido o título separado [R] Español
092 ## - SIGNATURA TOPOGRAFICA LOCAL
Número de clasificación local CD 0073
110 ## - ASIENTO PRINCIPAL--NOMBRE CORPORATIVO [NR]
Nombre corporativo o de jurisdicción como elemento de entrada [NR] Fundación Histórica Tavera
245 00 - MENCION DE TITULO [NR]
Título [NR] Obras clásicas para la historia de Filipinas
Mención de responsabilidad, etc. [NR] Antonio Molina Memije (comp.)
260 ## - PUBLICACION, DISTRIBUCION, ETC. (PIE DE IMPRENTA) [R]
Lugar de publicación, distribución, etc. [R] Madrid (España)
Nombre del editor, distribuidor, etc. [R] La Fundación
Fecha de publicación, distribución, etc. [R] 1998
300 ## - DESCRIPCION FISICA [R]
Extensión [R] 1 CD-ROM
490 ## - MENCION DE SERIE [R]
Mención de serie [R] Colección Clásicos Tavera.
Designación numérica/secuencial del volumen [NR] .11
Mención de serie [R] Serie I. Iberoamérica en la Historia
505 ## - NOTA DE CONTENIDO CON FORMATO PREESTABLECIDO [R]
Nota de contenido con formato preestablecido [NR] 17 documentos de la historia de Filipinas de los autores Jose de Alcazar, Miguel Blanco Herrera, Manuel Buzeta, Felipe Bravo, Francisco Comber, Tomas de Comyn, Martín Fernández de Navarrete, Jesús Gayo, Saturnino Martín Cerezo, Francisco Javier de Moya y Jiménez, Eduardo Naranjo, Antonio Pigaffeta, W.E. Retona, Manuel Sastron, Pedro Torres y Lanzar, Francisco-Engrecio Vergona.
650 04 - ASIENTO SECUNDARIO DE MATERIA - TERMINO TEMATICO [R]
Término temático o nombre geográfico como elemento de entrada [NR] Historia de Asia
9 (RLIN) 26507
651 ## - ASIENTO SECUNDARIO DE MATERIA - NOMBRE GEOGRAFICO [R]
Nombre geográfico [NR] Filipinas
Subdivisión general [R] Historia
Subdivisión de forma [R] CD-ROM
9 (RLIN) 26961
700 ## - ASIENTO SECUNDARIO - NOMBRE PERSONAL [R]
Nombre personal [NR] Molina Memije Antonio
-- comp.
942 ## - ELEMENTOS DE ENTRADA AGREGADOS (KOHA)
Tipo de ítem principal el descrito en 300a Multimedia
Sistema de clasificación LOCAL
Tema principal Historia
Edición 1
Existencias
Fecha de último préstamo Total préstamos Total Renewals Código de barras Última vez visto Volúmen / Fascículo Ejemplar Price effective from Tipo de ítem Perdido Sistema de clasificación Dañado No prestable Tipo de ítem específico Suprimido Ubicación habitual Ubicación actual Localización Fecha de creación Forma de adquisición Costo
19/09/2014 1 2 100087149 10/12/2024 CD 0073 Ej.1 03/02/2013 Multimedia   DEWEY     CD-Rom   Claustro Claustro Colección digital 28/02/2003 Donación 5000.00